Une politique européenne : (Record no. 243110)
[ view plain ]
| 000 -LEADER | |
|---|---|
| fixed length control field | 00791cam a22002413a 4500 |
| 001 - CONTROL NUMBER | |
| control field | 13855 |
| 003 - CONTROL NUMBER IDENTIFIER | |
| control field | PGUSA |
| 005 - DATE AND TIME OF LATEST TRANSACTION | |
| control field | 20140828083310.0 |
| 008 - FIXED-LENGTH DATA ELEMENTS--GENERAL INFORMATION | |
| fixed length control field | 041025s2004||||xxu|||||s|||||000 | eng d |
| 040 ## - CATALOGING SOURCE | |
| Original cataloging agency | PGUSA |
| Language of cataloging | eng |
| 042 ## - AUTHENTICATION CODE | |
| Authentication code | dc |
| 050 #4 - LIBRARY OF CONGRESS CALL NUMBER | |
| Classification number | DT |
| 100 1# - MAIN ENTRY--PERSONAL NAME | |
| Personal name | Grosclaude, Etienne, |
| Dates associated with a name | 1858-1932 |
| 245 10 - TITLE STATEMENT | |
| Title | Une politique européenne : |
| Remainder of title | la France, la Russie, l'Allemagne et la guerre au Transvaal |
| Medium | [electronic resource] / |
| Statement of responsibility, etc | Etienne Grosclaude |
| 260 ## - PUBLICATION, DISTRIBUTION, ETC. (IMPRINT) | |
| Name of publisher, distributor, etc | Project Gutenberg, |
| Date of publication, distribution, etc | 2004 |
| 506 ## - RESTRICTIONS ON ACCESS NOTE | |
| Terms governing access | Public domain in the USA. |
| 516 ## - TYPE OF COMPUTER FILE OR DATA NOTE | |
| Type of computer file or data note | Electronic text |
| 653 ## - INDEX TERM--UNCONTROLLED | |
| Uncontrolled term | South Africa -- History -- 1836-1909 |
| 653 ## - INDEX TERM--UNCONTROLLED | |
| Uncontrolled term | South African War, 1899-1902 -- Foreign public opinion |
| 830 #0 - SERIES ADDED ENTRY--UNIFORM TITLE | |
| Uniform title | Project Gutenberg |
| Volume number/sequential designation | 13855 |
| 856 40 - ELECTRONIC LOCATION AND ACCESS | |
| Uniform Resource Identifier | <a href="http://www.gutenberg.org/ebooks/13855">http://www.gutenberg.org/ebooks/13855</a> |
| 942 ## - ADDED ENTRY ELEMENTS (KOHA) | |
| Koha item type | eBooks |
| Withdrawn status | Lost status | Damaged status | Home library | Current library | Date acquired | Total Checkouts | Date last seen | Price effective from | Koha item type |
|---|---|---|---|---|---|---|---|---|---|
| Project Gutenberg | Project Gutenberg | 08/28/2014 | 08/28/2014 | 08/28/2014 | eBooks |